000 00387nam a2200145Ia 4500
008 210210b1968 xxu||||| |||| 00| 0 eng d
082 _a943.085 NICW
100 _aNICHOLLS (A F).
245 _aWeimar and the rise of Hitler.
260 _aNew York.
_bMacmillan, St. Martin''s Press.,
_c1968
300 _axii,203
650 _aHitler
690 _aEuropean History
906 _a029584
999 _c80798
_d80798